00967nam a2200241Ia 4500001000600000003000900006008004100015040001300056040001300069041001300082100002100095100002900116245002800145245009800173250001100271260000900282260003700291260004900328300005900377500022800436650003000664650003100694B4533IT-RoPAU130308s9999 xx 000 0 und d aIT-RoPAU cIT-RoPAU aITALIANO aSorge Bartolomeo gCodice Aut. SPICS: 1118 aQuale impegno politico? bInformazione e Territorio-I venticinque Anni della federazione Italiana settimanali Cattolici a1a ed. aROMA bFederaz. Ital. Settim. Cattolici c1992 [1° Ed.:1992 - Ed.Ling.Originale:1992] a"15 p. (prefazione: no ; testo: 15 [pagine: 267-281])" aPer una Definizione di Stampa Cattolica. Evangelizzazione e Liberazione. Testimonianza della Carità€. Messaggio di Speranza. Cristiani e impegno Politico. impegno Politico della Chiesa. Funzione Educativa. Stile Cristiano. aGENERI DI STAMPA DI MASSA eCodice materia Spics: 6660